[Event "Social Game"]
[Site "Boise, ID"]
[Date "2011.06.20"]
[Round "0"]
[White "Longhurst, Corey Kenneth"]
[Black "Roland, Jeffrey T"]
[Result "1/2-1/2"]
[WhiteElo "1287"]
[BlackElo "1700"]

{Game/25+20 seconds per move.} 1. d4 Nf6 2. c4 e6 3. Nf3 d5 4. Nc3 Be7 5. Bg5
h6 6. Bh4 O-O 7. e3 c6 8. Bd3 Nbd7 9. O-O dxc4 10. Bxc4 Nb6 11. Bd3 c5 12. Bg3
cxd4 13. Nxd4 Bd7 14. Qf3 Nbd5 15. Rfc1 Qb6 16. Rab1 Nb4 17. Bc4 Rac8 18. Qe2
Bc5 19. Nc2 Bc6 20. a3 Nxc2 21. Qxc2 Bxe3 22. fxe3 Qxe3+ 23. Qf2 Qg5 24. Bh4
Qxg2+ 25. Qxg2 Bxg2 26. Bxe6 fxe6 27. Kxg2 g5 28. Bf2 a6 29. Rf1 Ng4 30. Rbe1
Rf5 31. h3 Ne5 32. Bg3 Nc4 33. Ne4 Rxf1 34. Kxf1 Nxb2 35. Nd6 Rc3 36. Be5 Rd3
37. Nxb7 Nc4 38. Nc5 Rxa3 {Black was short of time, otherwise 38...Rd5 wins!
White had 11:20 and Black 2:35 on the clock.--Roland} {#d} 1/2-1/2

[Event "Lang Invitational #1"]
[Site "Meridian, ID"]
[Date "2011.01.29"]
[Round "2.3"]
[White "Longhurst, Corey Kenneth"]
[Black "Edvalson, Paul F"]
[Result "0-1"]
[WhiteElo "1243"]
[BlackElo "1447"]

{Game/30} 1. e4 c5 2. Nf3 d6 3. d4 cxd4 4. Nxd4 Nf6 5. Nc3 g6 6. f3 Bg7 7. Be3
Nc6 8. Bc4 Bd7 9. Bb3 O-O 10. Qd2 Qa5 11. O-O-O Rfc8 12. Nxc6 bxc6 13. h4 h5
14. Rhe1 c5 15. Kb1 c4 16. e5 dxe5 17. Ne4 cxb3 18. Qxa5 bxc2+ 19. Ka1 cxd1=Q+
20. Rxd1 Be6 21. Qxe5 Nxe4 22. Qxe4 Rcb8 23. Bc1 a5 24. Qd3 a4 25. Qd8+ Rxd8
26. Rxd8+ Rxd8 {#R} 0-1

[Event "Lang Invitational #1"]
[Site "Meridian, ID"]
[Date "2011.01.29"]
[Round "4.3"]
[White "Lang, Jamie"]
[Black "Longhurst, Corey Kenneth"]
[Result "0-1"]
[WhiteElo "1337"]
[BlackElo "1243"]

{Game/30} 1. e4 c5 2. Nf3 d6 3. d4 cxd4 4. Nxd4 Nf6 5. Nc3 g6 6. Bb5+ Nbd7 7.
O-O a6 8. Bc4 Ne5 9. Bb3 Bg7 10. h3 O-O 11. Be3 e6 12. Qd2 Re8 13. f4 Ned7 14.
f5 Nc5 15. fxg6 hxg6 16. Bg5 Nfxe4 17. Nxe4 Nxe4 18. Bxd8 Nxd2 19. Rf4 Rxd8
20. c3 Nxb3 21. Nxb3 d5 22. Raf1 Rf8 23. g4 Bd7 24. h4 Rac8 25. Na5 b5 26. b4
Rxc3 27. Nb7 Rc6 28. Nc5 Bc8 29. h5 g5 {(time)} {#R} 0-1

[Event "Lang Invitational #2"]
[Site "Meridian, ID"]
[Date "2011.02.05"]
[Round "1.2"]
[White "Longhurst, Corey Kenneth"]
[Black "Edvalson, Paul F"]
[Result "1-0"]
[WhiteElo "1243"]
[BlackElo "1447"]

{Game/30} 1. e4 e5 2. Nf3 Nc6 3. Bb5 a6 4. Ba4 Nf6 5. O-O b5 6. Bb3 Be7 7. Re1
O-O 8. c3 d5 9. exd5 Nxd5 10. Nxe5 Nxe5 11. Rxe5 c6 12. d3 Bd6 13. Re1 Qh4 14.
g3 Qh3 15. Qf3 Bg4 16. Qg2 Qh5 17. Nd2 Rfe8 18. Re4 Nf6 19. Re3 Bh3 20. Qf3
Ng4 21. Rxe8+ Rxe8 22. Ne4 Qe5 23. Bxf7+ Kh8 24. Bxe8 Qxe8 25. Bg5 Bc7 26. Rd1
Ne5 27. Qe3 Bg4 28. Rc1 Nf3+ 29. Kh1 Qh5 30. h4 h6 31. Bf4 Bd8 32. Kg2 Bxh4
33. Rh1 g5 34. Bd6 Qg6 35. gxh4 Nxh4+ 36. Kg3 Nf5+ 37. Kxg4 Nxe3+ 38. fxe3 Kh7
39. Be5 Qe6+ 40. Kg3 Qxa2 41. Rh2 Kg6 42. Rf2 Qd5 43. Bd4 Qd8 44. Rf6+ Kh5 45.
Nc5 a5 46. Rxc6 g4 47. Rf6 Qd5 48. e4 Qa2 49. b3 Qe2 50. Rf2 Qe1 51. e5 Qg1+
52. Rg2 Qe1+ 53. Kf4 a4 54. Kf5 a3 55. Rh2+ Qh4 56. Rxh4+ Kxh4 57. Ne4 g3 58.
Nxg3 a2 59. c4 Kxg3 60. Kg6 bxc4 61. bxc4 Kf3 62. Kxh6 {#r} 1-0

[Event "Lang Invitational #2"]
[Site "Meridian, ID"]
[Date "2011.02.05"]
[Round "2.3"]
[White "Lang, Jamie"]
[Black "Longhurst, Corey Kenneth"]
[Result "1/2-1/2"]
[WhiteElo "1337"]
[BlackElo "1243"]

{Game/30} 1. e4 c5 2. Nf3 d6 3. Nc3 Nf6 4. e5 Ng4 5. exd6 exd6 6. Bb5+ Nd7 7.
O-O a6 8. Re1+ Be7 9. Bxd7+ Bxd7 10. Nd5 Be6 11. Nf4 Bd7 12. Nd5 Be6 13. Nf4
{#d} 1/2-1/2

[Event "Lang Invitational #2"]
[Site "Meridian, ID"]
[Date "2011.02.05"]
[Round "3.1"]
[White "Patterson, Kevin R"]
[Black "Longhurst, Corey Kenneth"]
[Result "1/2-1/2"]
[WhiteElo "1247"]
[BlackElo "1243"]

{Game/30} 1. e4 e5 2. Nc3 Nf6 3. Bc4 Bb4 4. a3 Bxc3 5. bxc3 Nxe4 6. Nf3 d6 7.
d3 Nf6 8. O-O h6 9. Re1 O-O 10. d4 Bg4 11. dxe5 dxe5 12. Qxd8 Rxd8 13. Nxe5
Rf8 14. a4 Bf5 15. Ba3 Nbd7 16. Bxf8 Rxf8 17. Nxd7 Nxd7 18. Bb3 Nf6 19. Re7
Bd7 20. Rd1 Bc6 21. Rxc7 Ne4 22. Rd3 Nf6 23. Re7 a6 24. f3 Ne8 25. Bd5 Bxa4
26. Bxb7 Bb5 27. Rde3 Nd6 28. Re1 Bc4 29. Ra1 Nxb7 30. Rxb7 Rc8 31. Re1 Ra8
32. Ree7 a5 33. Ra7 Rb8 34. Rxa5 Rb1+ 35. Kf2 Rb2 36. Rc5 Be6 37. Rcc7 Rxc2+
38. Kg3 Kf8 39. h4 g6 40. c4 Rxc4 41. Rxc4 Bxc4 42. Rc7 Be6 43. Kf4 Ke8 44.
Ra7 Kf8 45. g4 Kg7 46. Ra5 Kh7 47. Ke5 Kg7 48. h5 g5 49. Ra7 Kf8 50. f4 Bxg4
51. fxg5 Bxh5 52. gxh6 Kg8 53. Kf6 Kh8 54. Ra5 Bg6 55. Rg5 Kh7 56. Rg3 Kh8 57.
Rh3 Kh7 58. Rh2 Kh8 59. h7 Bxh7 {#d} 1/2-1/2

[Event "Lang Invitational #2"]
[Site "Meridian, ID"]
[Date "2011.02.05"]
[Round "5.2"]
[White "Roland, Jeffrey T"]
[Black "Longhurst, Corey Kenneth"]
[Result "1-0"]
[WhiteElo "1703"]
[BlackElo "1243"]

{Game/30} 1. e4 c5 2. Nf3 d6 3. d4 cxd4 4. Qxd4 Nf6 5. e5 Nc6 6. Bb5 dxe5 7.
Bxc6+ bxc6 8. Qxd8+ Kxd8 9. Nxe5 Be6 10. Nxc6+ Kc7 11. Nd4 Bc4 12. Bf4+ Kb7
13. Nd2 Ba6 14. O-O-O Nd7 15. N2b3 e5 16. Nf5 Bb5 17. Be3 Rc8 18. Kb1 g6 19.
Nd6+ Bxd6 20. Rxd6 f5 21. Rhd1 Rhd8 22. c4 Bc6 23. Na5+ Kc7 24. Rxc6+ Kb8 25.
Rcd6 Rc7 26. Nc6+ Rxc6 27. Rxc6 Rc8 28. Rxc8+ Kxc8 29. Bxa7 f4 30. f3 {#r} 1-0

[Event "Lang Invitational #3"]
[Site "Meridian, ID"]
[Date "2011.03.05"]
[Round "3.4"]
[White "Longhurst, Corey Kenneth"]
[Black "Edvalson, Paul F"]
[Result "0-1"]
[WhiteElo "1242"]
[BlackElo "1447"]

1. e4 c5 2. Nf3 Nc6 3. d4 cxd4 4. Nxd4 Nf6 5. Nc3 e5 6. Nb3 Bb4 7. Bg5 Bxc3+
8. bxc3 h6 9. Bxf6 Qxf6 10. Bd3 d6 11. O-O O-O 12. Re1 Qg6 13. Qf3 Be6 14. Qg3
Qf6 15. Rad1 Ne7 16. Be2 Rfd8 17. Qf3 Qg6 18. Rd2 d5 19. exd5 Bxd5 20. Qd3
Qxg2# 0-1

[Event "Lang Invitational #4"]
[Site "Meridian, ID"]
[Date "2011.04.30"]
[Round "1.2"]
[White "Niro III, Frank A"]
[Black "Longhurst, Corey Kenneth"]
[Result "1-0"]
[WhiteElo "1700"]
[BlackElo "1242"]

1. e4 e5 2. Nf3 Nc6 3. Bb5 a6 4. Bxc6 dxc6 5. Nc3 Bd6 6. d4 exd4 7. Qxd4 f6 8.
O-O Bg4 9. e5 Bxf3 10. exd6 Bh5 11. Qe3+ Kf8 12. dxc7 Qxc7 13. Qc5+ Qe7 14.
Qxh5 Re8 15. Be3 Nh6 16. Bc5 Qxc5 17. Qxc5+ Kf7 18. Qc4+ Re6 19. Rae1 Rhe8 20.
Rxe6 Rxe6 21. Re1 {#r} 1-0

[Event "Lang Invitational #4"]
[Site "Meridian, ID"]
[Date "2011.04.30"]
[Round "3.3"]
[White "Lang, Jamie"]
[Black "Longhurst, Corey Kenneth"]
[Result "1-0"]
[WhiteElo "1337"]
[BlackElo "1242"]

1. e4 e5 2. d4 exd4 3. c3 dxc3 4. Bc4 Qe7 5. Nxc3 a6 6. Nf3 d6 7. O-O b5 8.
Nd5 Qd7 9. Bb3 Ne7 10. Re1 Nec6 11. e5 Be7 12. e6 fxe6 13. Rxe6 Qd8 14. Re2
Kf8 15. Nd4 Bf6 16. Be3 Be5 17. Qd2 Qh4 18. Nf3 Qd8 19. Bd4 Bg4 20. Bxe5 Bxf3
21. Qf4+ Ke8 22. Bf6+ Bxe2 23. Bxd8 Kxd8 24. Qg5+ Kc8 25. Qxg7 Nd7 26. Qxh8+
Kb7 27. Qxh7 Rd8 28. Qc2 Bc4 29. Bxc4 bxc4 30. Qxc4 Nde5 31. Qb3+ Kc8 32. Rc1
Kd7 33. Nf6+ Ke7 34. Nd5+ Kd7 35. Qb7 Rb8 36. Qxc7+ Ke6 37. Nf4+ Kf5 38. g3
Rxb2 39. Qxd6 Re2 40. Nxe2 {#r} 1-0

[Event "ICA Players Mem-Open"]
[Site "Boise, ID"]
[Date "2011.05.14"]
[Round "2.5"]
[White "Kircher, Caleb Paul"]
[Black "Longhurst, Corey Kenneth"]
[Result "1-0"]
[WhiteElo "1744"]
[BlackElo "1242"]

1. e4 e5 2. Nf3 Nc6 3. d4 exd4 4. Bc4 h6 5. Nxd4 Ne5 6. Bb3 Nf6 7. O-O Be7 8.
f4 Ng6 9. e5 Nh7 10. Qe2 Bc5 11. c3 O-O 12. f5 Ne7 13. Be3 d6 14. f6 Ng6 15.
fxg7 Kxg7 16. exd6 Qxd6 17. Qh5 Nf6 18. Qxh6+ Kg8 19. Qxg6+ Kh8 20. Qxf6+ Qxf6
21. Rxf6 Bxd4 22. Bxd4 {#r} 1-0

[Event "ICA Players Mem-Open"]
[Site "Boise, ID"]
[Date "2011.05.15"]
[Round "4.7"]
[White "Roland, Jeffrey T"]
[Black "Longhurst, Corey Kenneth"]
[Result "1/2-1/2"]
[WhiteElo "1700"]
[BlackElo "1242"]

1. d4 d5 2. c4 c6 3. Nf3 Nf6 4. Nc3 Bf5 5. e3 e6 6. Bd2 h6 7. Rc1 Nbd7 8. cxd5
exd5 9. Be2 Bd6 10. O-O O-O 11. Nh4 Bh7 12. f4 Ne4 13. Nf3 Ndf6 14. Ne5 Qb6
15. Be1 Rad8 16. Na4 Qc7 17. Qb3 Rfe8 18. Qd1 Qe7 19. Nc3 Nd7 20. Bh5 Rf8 21.
Qg4 Nef6 22. Bh4 Kh8 23. Nxd7 Qxe3+ 24. Bf2 Nxg4 25. Bxe3 Nxe3 26. Nxf8 Nxf1
27. Nxh7 Ne3 28. g3 Kxh7 29. Bxf7 Rd7 30. Be6 Re7 31. Bh3 Bb4 32. Kf2 Nc4 33.
Rc2 Nd6 34. a3 Ba5 35. Bf1 Bb6 {#d} 1/2-1/2

[Event "Sumr Classic (Open)"]
[Site "Boise, ID"]
[Date "2011.07.09"]
[Round "2.7"]
[White "Edvalson, Paul F"]
[Black "Longhurst, Corey Kenneth"]
[Result "1-0"]
[WhiteElo "1448"]
[BlackElo "1287"]

1. d4 Nf6 2. Nc3 e6 3. Bg5 Be7 4. e4 Nxe4 5. Bxe7 Nxc3 6. Bxd8 Nxd1 7. Bxc7
Nxb2 8. a4 O-O 9. Bd6 Nc6 10. Nf3 Na5 11. Nd2 Re8 12. Ba3 Nxa4 13. Bd6 Nb6 14.
Rxa5 Nd5 15. c4 b6 16. Ra3 Nf6 17. Bd3 Bb7 18. O-O Rac8 19. Be5 Ng4 20. Rxa7
Nxe5 21. dxe5 Bc6 22. Ra6 Rb8 23. Rb1 g6 24. f4 Kg7 25. Raxb6 Rxb6 26. Rxb6
Ra8 27. Be4 Ra2 28. Bxc6 Rxd2 29. Bf3 Rd4 30. Rd6 Rxc4 31. g3 Rc7 32. Kf2 Rc2+
33. Be2 Rc7 34. Bb5 h5 35. Rxd7 Rc2+ 36. Be2 Rb2 37. h3 Kf8 38. g4 h4 39. Rd8+
Kg7 40. Kf3 Rb1 41. Rd1 Rb3+ 42. Rd3 Rb1 43. Ke4 Re1 44. Re3 Ra1 45. Rc3 Re1
46. Kf3 Rh1 47. Kg2 Ra1 48. Rf3 Ra5 49. Rf2 Ra3 50. Rf3 Ra5 51. Rb3 g5 52. Rb5
Ra3 53. fxg5 Ra8 54. Bd3 Ra2+ 55. Kf3 Rh2 56. Bf1 Rd2 57. Rb4 Rd5 58. Ke4 Rd1
59. Be2 Re1 60. Ke3 Rh1 61. Rf4 Rxh3+ 62. Rf3 Rxf3+ 63. Bxf3 Kg6 64. Kf4 Kg7
65. Be4 Kg8 66. g6 Kg7 67. gxf7 Kxf7 68. g5 Kg7 69. Kg4 Kf7 70. g6+ Kg7 71.
Kxh4 Kf8 72. Kg5 Kg7 73. Bd3 {#r} 1-0

[Event "Sumr Classic (Open)"]
[Site "Boise, ID"]
[Date "2011.07.10"]
[Round "4.6"]
[White "Patterson, Emily N"]
[Black "Longhurst, Corey Kenneth"]
[Result "1-0"]
[WhiteElo "1442"]
[BlackElo "1287"]

1. e4 c5 2. f4 d6 3. Nf3 g6 4. Bc4 h6 5. Nc3 Bg7 6. O-O Nd7 7. d4 cxd4 8. Nxd4
Qb6 9. Be3 e5 10. Nf5 Qxb2 11. Nxg7+ Kd8 12. Nb5 Qb4 13. Nxd6 Rh7 14. Rb1 Qa5
15. Rb5 Qc7 16. Rc5 Qxc5 17. Bxc5 Rxg7 18. Nxc8 Rxc8 19. Qd6 Rxc5 20. Rd1 Ngf6
21. Qxc5 exf4 22. Qf8+ Ne8 23. Bb5 {#r} 1-0

[Event "Sumr Classic (Open)"]
[Site "Boise, ID"]
[Date "2011.07.10"]
[Round "5.7"]
[White "Longhurst, Corey Kenneth"]
[Black "Buckendorf Jr., Glen"]
[Result "1-0"]
[WhiteElo "1287"]
[BlackElo "1800"]

1. d4 d5 2. c4 c6 3. Nc3 Bf5 4. Bf4 e6 5. e3 Nf6 6. a3 Bd6 7. Bg5 Nbd7 8. f3
O-O 9. e4 dxe4 10. fxe4 Bg4 11. Qd2 Be7 12. Nf3 h6 13. Be3 Bxf3 14. gxf3 Nh5
15. Rg1 Bh4+ 16. Kd1 g5 17. Be2 Kh8 18. Kc2 Qe7 19. f4 Rg8 20. Bxh5 Nf6 21.
Qe2 Nxh5 22. Qxh5 Rg6 23. Raf1 Rag8 24. f5 exf5 25. Rxf5 b5 26. Rgxg5 Bxg5 27.
Bxg5 Kh7 28. Bxe7 Rg2+ 29. Kb3 bxc4+ 30. Ka4 R8g6 31. Rxf7+ Rg7 32. Qf5+ R2g6
33. Bf8 {#r} 1-0

[Event "ICU TVCC"]
[Site "Boise, ID"]
[Date "2011.07.23"]
[Round "1.3"]
[White "Longhurst, Corey Kenneth"]
[Black "Roland, Jeffrey T"]
[Result "0-1"]
[WhiteElo "1400"]
[BlackElo "1686"]

1. d4 d5 2. c4 e6 3. Nc3 Nf6 4. Bg5 Be7 5. e3 h6 6. Bxf6 Bxf6 7. Nf3 O-O 8.
Bd3 dxc4 9. Bxc4 Nd7 10. O-O Nb6 11. Bd3 Bd7 12. Be4 c6 13. Bd3 Nd5 14. Ne4
Be7 15. a3 Qb6 16. Ne5 Be8 17. Nc4 Qc7 18. Ng3 b5 19. Nd2 f5 20. Rc1 f4 21.
exf4 Qxf4 22. Nf3 a6 23. Ne5 c5 24. Be4 Rd8 25. Nd3 Qf6 26. dxc5 Nf4 27. Qb3
Rd4 28. Nxf4 Qxf4 29. Qxe6+ Qf7 30. Qxf7+ Bxf7 31. Bb7 Bc4 32. Rfd1 Bxc5 33.
Rf1 Bxf1 34. Rxc5 Bc4 35. Bxa6 Rd1+ {#R} 0-1

[Event "ICU TVCC"]
[Site "Boise, ID"]
[Date "2011.07.23"]
[Round "2.6"]
[White "Pemsler, Carmen E"]
[Black "Longhurst, Corey Kenneth"]
[Result "1/2-1/2"]
[WhiteElo "1000"]
[BlackElo "1400"]

1. c4 Nf6 2. Nc3 g6 3. d4 Bg7 4. Nf3 d6 5. Bf4 O-O 6. e4 Nbd7 7. Bd3 Nh5 8.
Bg5 Qe8 9. Nd5 f6 10. Bxf6 Nhxf6 11. Nxc7 Qd8 12. Nxa8 e5 13. O-O exd4 14.
Nxd4 Nc5 15. Re1 Bd7 16. b4 Nxd3 17. Qxd3 Qxa8 18. Rad1 Re8 19. Nf3 Bc6 20. e5
Bxf3 21. Qxf3 Qb8 {#d} 1/2-1/2

[Event "ICU TVCC"]
[Site "Boise, ID"]
[Date "2011.07.23"]
[Round "3.4"]
[White "Longhurst, Corey Kenneth"]
[Black "Patterson, Kevin R"]
[Result "1/2-1/2"]
[WhiteElo "1400"]
[BlackElo "1184"]

1. d4 c6 2. e4 d5 3. Nc3 dxe4 4. Nxe4 Bf5 5. Ng3 Bg6 6. Nf3 Nd7 7. Bd3 Bxd3 8.
Qxd3 e6 9. O-O Ngf6 10. Bg5 h6 11. Bd2 Qc7 12. Rfe1 Bd6 13. c4 Bxg3 14. hxg3
O-O 15. Bf4 Qd8 16. Qb3 Qb6 17. Qc3 Rfe8 18. Re2 g5 19. Be3 Qd8 20. Rae1 Nf8
21. Ne5 N8d7 22. Nxd7 Nxd7 23. f4 f6 24. Kf2 Nf8 25. Rh1 Kg7 26. fxg5 hxg5 27.
d5 cxd5 28. cxd5 Qxd5 29. Rd2 Rac8 30. Qa3 Qf5+ 31. Ke2 Qg4+ 32. Kf2 Qf5+ 33.
Ke2 {#d} 1/2-1/2

[Event "ICU TVCC"]
[Site "Boise, ID"]
[Date "2011.07.23"]
[Round "4.4"]
[White "Edvalson, Paul"]
[Black "Longhurst, Corey Kenneth"]
[Result "1-0"]
[WhiteElo "1600"]
[BlackElo "1400"]

1. e4 e5 2. Nc3 Nf6 3. f4 exf4 4. Nf3 c6 5. d4 d6 6. Bxf4 h6 7. h4 Bg4 8. Qd2
Be7 9. O-O-O Bxf3 10. gxf3 Nh5 11. Bc4 Bxh4 12. Be3 g5 13. Rdg1 Nd7 14. f4
gxf4 15. Bxf4 Nxf4 16. Qxf4 Bg5 17. Rxg5 Qxg5 18. Qxg5 {#r} 1-0

[Event "Meridian Invitational"]
[Site "Meridian, ID"]
[Date "2011.08.20"]
[Round "1.3"]
[White "Myers, Hugh S"]
[Black "Longhurst, Corey Kenneth"]
[Result "0-1"]
[WhiteElo "1600"]
[BlackElo "1287"]

1. e4 e5 2. f4 exf4 3. Nf3 d6 4. Be2 Be7 5. O-O g5 6. d3 Bf6 7. c4 h5 8. Nc3
g4 9. Nd2 Bd4+ 10. Kh1 Be5 11. Nb3 Qf6 12. Nd5 Qh4 13. Nxc7+ Kd8 14. Bxf4 Bxf4
15. Rxf4 Kxc7 16. Rxf7+ Ne7 17. Nd4 Nd7 18. Qe1 Qxe1+ 19. Rxe1 Nc6 20. Nb5+
Kb6 21. Nxd6 Nde5 22. Rf6 Bd7 23. a3 a5 24. Rd1 Kc5 25. Nxb7+ Kd4 26. Nd6 Raf8
27. Nb5+ Ke3 28. Rxf8 Rxf8 29. Bf1 Rf2 30. Re1+ Kf4 31. d4 Ng6 32. g3+ Kg5 33.
e5 h4 34. Nd6 Nxd4 35. Ne4+ Kh5 36. Nxf2 Bc6+ 37. Bg2 hxg3 38. Nd3 gxh2 39.
Kxh2 Bxg2 40. Kxg2 Nh4+ 41. Kg3 Ne6 42. c5 Nf3 43. Rc1 Nc7 44. Nf4+ Kg5 45. e6
{(Time Forfeit)} {#R} 0-1

[Event "Meridian Invitational"]
[Site "Meridian, ID"]
[Date "2011.08.20"]
[Round "2.2"]
[White "Longhurst, Corey Kenneth"]
[Black "Niro III, Frank A"]
[Result "1-0"]
[WhiteElo "1287"]
[BlackElo "1703"]

1. d4 f5 2. c4 Nf6 3. Nc3 d6 4. Nf3 g6 5. g3 Bg7 6. Bg2 O-O 7. O-O c6 8. b3
Na6 9. Bb2 Nc7 10. e3 Kh8 11. Re1 Be6 12. Ng5 Bg8 13. e4 f4 14. e5 dxe5 15.
dxe5 Nd7 16. Nf3 Ne6 17. Qd2 Ndc5 18. Rad1 fxg3 19. hxg3 Qc7 20. Qe3 b6 21.
Ba1 Rad8 22. Ne4 Nxe4 23. Qxe4 Nc5 24. Qe2 e6 25. Nd4 Rd7 26. Nxc6 Rxd1 27.
Rxd1 Bf7 28. Rd6 Nb7 29. Rd1 Nd8 30. Nxd8 Rxd8 31. Rxd8+ Qxd8 32. Qf3 Bg8 33.
Kh2 Qd2 34. a4 Qe1 35. Bc3 Qb1 36. Bd4 Qf5 37. Qxf5 gxf5 38. c5 bxc5 39. Bxc5
Bxe5 40. Bxa7 Bf7 41. b4 Bc3 42. b5 Be8 43. b6 Bd4 44. a5 Bxf2 45. Bb8 Bb5 46.
Be5+ Kg8 47. b7 Ba7 48. b8=Q+ Bxb8 49. Bxb8 Kf7 50. Bb7 Kf6 51. Kg2 {#r} 1-0

[Event "Meridian Invitational"]
[Site "Meridian, ID"]
[Date "2011.08.20"]
[Round "3.1"]
[White "Kircher, Caleb Paul"]
[Black "Longhurst, Corey Kenneth"]
[Result "1-0"]
[WhiteElo "1753"]
[BlackElo "1287"]

1. e4 e5 2. Nf3 Nc6 3. d4 exd4 4. Bc4 h6 5. O-O d6 6. Nxd4 Ne5 7. Bb3 Nf6 8.
Qe2 c6 9. h3 Be7 10. f4 Ned7 11. Kh1 Qc7 12. Nc3 O-O 13. Be3 Re8 14. Qf3 c5
15. Nf5 Bf8 16. Rad1 a6 17. Qg3 g6 18. Qxg6+ Kh8 19. Bxf7 Rd8 20. Nd5 Nxd5 21.
Qg8# 1-0

[Event "Meridian Invitational"]
[Site "Meridian, ID"]
[Date "2011.08.20"]
[Round "4.1"]
[White "Longhurst, Corey Kenneth"]
[Black "Roland, Jeffrey T"]
[Result "1-0"]
[WhiteElo "1287"]
[BlackElo "1700"]

1. d4 e6 2. c4 Nf6 3. a3 c5 4. d5 exd5 5. cxd5 g6 6. Nc3 d6 7. Nf3 Bg7 8. h3
O-O 9. Bf4 a6 10. e3 Re8 11. Be2 Qb6 12. Na4 Qa5+ 13. Nd2 Ne4 14. Nc3 Nxc3 15.
bxc3 Bxc3 16. Ra2 Be5 17. Bg5 Bf5 18. O-O Nd7 19. g4 Nb6 20. gxf5 Nxd5 21. Nc4
Qc7 22. Qxd5 Rad8 23. Bxd8 Qxd8 24. f4 Qh4 25. Qg2 Bg7 26. Rd2 b5 27. Nxd6
Rxe3 28. Qg4 Rg3+ 29. Kh2 Rxg4 30. Bxg4 h5 31. Bd1 Bd4 32. Rg2 Be3 33. Ne4
Bxf4+ 34. Ng3 Bxg3+ 35. Rxg3 Kg7 36. fxg6 f6 37. Rf5 Qd4 38. Bf3 Qf2+ 39. Rg2
Qd4 40. Rxh5 Qf4+ 41. Rg3 Qd2+ 42. Bg2 c4 43. Rh7+ Kg8 44. g7 {#r} 1-0

[Event "Eastern Idaho Open (Open)"]
[Site "Pocatello, ID"]
[Date "2011.09.24"]
[Round "1.4"]
[White "Longhurst, Corey Kenneth"]
[Black "Niro III, Frank A"]
[Result "1-0"]
[WhiteElo "1297"]
[BlackElo "1700"]

1. e4 c5 2. Nf3 d6 3. d4 cxd4 4. Nxd4 Nf6 5. Nc3 a6 6. f3 e5 7. Nb3 Be6 8. Be3
Nbd7 9. Qd2 Be7 10. Nd5 Bxd5 11. exd5 O-O 12. O-O-O Qc7 13. Kb1 Ne8 14. Bd3 f5
15. f4 e4 16. Be2 g6 17. Nd4 Ng7 18. g4 Rf6 19. gxf5 gxf5 20. Rhg1 Nf8 21. Rg2
Rg6 22. Rdg1 Bf6 23. Nb3 Rc8 24. Bd4 Qf7 25. c3 Bxd4 26. Qxd4 Qf6 27. Qxf6
{#r} 1-0

[Event "Eastern Idaho Open (Open)"]
[Site "Pocatello, ID"]
[Date "2011.09.24"]
[Round "2.3"]
[White "Booth, Tom R"]
[Black "Longhurst, Corey Kenneth"]
[Result "1-0"]
[WhiteElo "1635"]
[BlackElo "1297"]

1. d4 Nf6 2. c4 e6 3. Nc3 Be7 4. Nf3 b6 5. g3 Bb7 6. Bg2 O-O 7. O-O d5 8. cxd5
Nxd5 9. Re1 Bb4 10. Qc2 Na6 11. a3 Be7 12. e4 Nxc3 13. bxc3 Rc8 14. Bb2 c5 15.
d5 exd5 16. exd5 Bf6 17. c4 Bxb2 18. Qxb2 Qd7 19. Qc2 Nc7 20. Ng5 g6 21. Bh3
f5 22. Ne6 Nxe6 23. Rxe6 b5 24. Bg2 Rfd8 25. Rae1 bxc4 26. Qxc4 Bxd5 27. Bxd5
Qxd5 28. Re8+ {#r} 1-0

[Event "Eastern Idaho Open (Open)"]
[Site "Pocatello, ID"]
[Date "2011.09.24"]
[Round "3.4"]
[White "Longhurst, Corey Kenneth"]
[Black "Owen, Gary"]
[Result "0-1"]
[WhiteElo "1297"]
[BlackElo "1601"]

1. d4 Nf6 2. c4 g6 3. Nc3 Bg7 4. e4 O-O 5. e5 Ne8 6. Be3 d6 7. f4 Nc6 8. Nf3
Bg4 9. Be2 e6 10. O-O f6 11. h3 Bxf3 12. Bxf3 fxe5 13. fxe5 dxe5 14. Bxc6 bxc6
15. Rxf8+ Kxf8 16. Qf3+ Kg8 17. dxe5 Bxe5 18. Qxc6 Ng7 19. Bh6 Qe8 20. Qf3 Nf5
21. Bg5 h6 22. Bd2 Rd8 23. Be1 Bd4+ 24. Bf2 c5 25. Bxd4 Nxd4 26. Qe3 Nc2 27.
Qxh6 Nxa1 28. Ne4 Rd1+ 29. Kh2 Qb8+ 30. g3 Qxb2+ {#R} 0-1

[Event "Eastern Idaho Open (Open)"]
[Site "Pocatello, ID"]
[Date "2011.09.24"]
[Round "4.4"]
[White "Longhurst, Corey Kenneth"]
[Black "Asay, Adam"]
[Result "0-1"]
[WhiteElo "1297"]
[BlackElo "1305"]

1. d4 c5 2. d5 Nf6 3. c4 g6 4. Nc3 Bg7 5. e4 d6 6. f3 O-O 7. Be3 a6 8. Bd3 Bd7
9. a4 a5 10. Nge2 Na6 11. O-O Nb4 12. Qd2 Re8 13. Rfd1 h5 14. Bg5 Nh7 15. Bh4
Nxd3 16. Qxd3 f5 17. Nb5 g5 18. Be1 Bxb2 19. Rab1 Be5 20. exf5 g4 21. f4 Bg7
22. Ng3 Nf6 23. Bc3 h4 24. Ne4 Rf8 25. Ng5 Nh5 26. Ne6 Bxe6 27. dxe6 Bxc3 28.
Nxc3 Rb8 29. Qe4 Nf6 30. Qe2 Qe8 31. Nd5 Qh5 32. Nxe7+ Kh7 33. Rxd6 Kh6 34.
Qe5 g3 35. h3 Ne8 36. Rd7 Ng7 37. Ng6 Rg8 38. f6 Qxg6 39. Rxg7 Qxb1+ {#R} 0-1

[Event "WIO (Open)"]
[Site "Boise, ID"]
[Date "2011.12.10"]
[Round "1.4"]
[White "Longhurst, Corey K"]
[Black "Kircher, Caleb Paul"]
[Result "0-1"]
[WhiteElo "1512"]
[BlackElo "1781"]

1. d4 d5 2. c4 c6 3. Nc3 Nf6 4. Nf3 e6 5. Bg5 dxc4 6. e4 b5 7. e5 h6 8. Bh4 g5
9. Nxg5 hxg5 10. Bxg5 Nbd7 11. exf6 Qb6 12. g3 Bb7 13. Bg2 O-O-O 14. O-O c5
15. d5 Ne5 16. Qe2 Nd3 17. dxe6 Bxg2 18. Kxg2 fxe6 19. a4 b4 20. Ne4 Qc6 21.
Kg1 Rd4 22. f3 e5 23. h4 Rg8 24. Kg2 a5 25. Rh1 Qd7 26. Rhd1 Qf5 27. Rf1 Kb8
28. Rad1 Ka7 29. g4 Qe6 30. Ng3 Rxg5 31. Rxd3 cxd3 32. Qd2 Rg8 33. g5 Rxh4 34.
Rh1 Rxh1 35. Nxh1 e4 36. Ng3 exf3+ 37. Kxf3 Qd5+ 38. Kg4 Bd6 39. Nf5 Qe4+ 40.
Kh5 Qxf5 {#R} 0-1

[Event "WIO (Open)"]
[Site "Boise, ID"]
[Date "2011.12.11"]
[Round "4.7"]
[White "Longhurst, Corey K"]
[Black "Pemsler, Carmen"]
[Result "1/2-1/2"]
[WhiteElo "1512"]
[BlackElo "1320"]

1. d4 c6 2. e4 d5 3. Nc3 dxe4 4. Nxe4 Bf5 5. Ng3 Bg6 6. Nf3 Nf6 7. Be2 e6 8.
O-O Be7 9. Re1 O-O 10. h3 c5 11. Be3 Qb6 12. b3 Nc6 13. dxc5 Bxc5 14. Bxc5
Qxc5 15. Bd3 Rad8 16. Qe2 Rfe8 17. Bxg6 hxg6 18. Rac1 Nb4 19. Qe5 Rc8 20. Qxc5
Rxc5 21. a3 Nc6 22. b4 Rc3 23. Re3 Rxe3 24. fxe3 Rd8 25. Kf2 {#d} 1/2-1/2